| 000 | 00700cam a2200169 4500 | ||
|---|---|---|---|
| 020 |
_a0816286043 _a0816285942 (pbk) |
||
| 040 | _cDLC | ||
| 082 | 0 | 0 | _a001 HOL 1972 A007 Or. |
| 245 | 0 | 0 |
_aStatistics: _ba guide to the unknown. |
| 260 |
_aSan Francisco, _bHolden-Day _c[1972] |
||
| 300 |
_axxiii, 430 p. _billus. _c24 cm. |
||
| 500 | _aPapers contributed at the invitation of the Joint Committee on the Curriculum in Statistics and Probability of the American Statistical Association and the National Council of Teachers of Mathematics. | ||
| 650 | 0 | _aMathematical statistics. | |
| 700 | 1 | _aTanur, Judith M., | |
| 710 | 2 | _aJoint Committee on the Curriculum in Statistics and Probability. | |
| 942 | _cEK | ||
| 999 |
_c12477 _d12477 |
||